Statistics for BTS A.R.M.Y Quiz (Hard)

Click here to take the quiz!

General Stats

  • This quiz has been taken 1,162 times
  • The average score is 5 of 15

Answer Stats

Hint Answer % Correct
Zodiac sign is LibraJimin
85%
Was an underground rapper before joining Big Hit EntertainmentSuga
80%
Suga and V's hometownDaegu
67%
Was chosen by all six members to have the worst sleeping habitV
67%
He openly supports gay rightsRap Monster
61%
The day of their debutJune 13,2013
54%
Were born in BusanJungkook and Jimin
41%
Jungkook and J-hope's role modelG-Dragon
30%
V's height178 cm
10%
Measure of Suga's hand19 cm
7%
Jin's hometownAnyang
6%
Namjoon's weight64 kg
6%
Jungkook's weight61 kg
6%
Measure of J-Hope's foot265 mm
1%
Measure of Jimin's lips2.8 cm-3 cm
1%

Score Distribution

Percentile by Number Answered

Percent of People with Each Score

Your Score History

You have not taken this quiz